Paises con mayor tasa de vacunacion contra COVID-19 - Estadísticas

Estadísticas generales
  • Esta prueba ha sido intentada 22 veces
  • La puntuación promedio es 21 de 30
Estadísticas de respuestas
% Dosis Pais % Correcto
88% Brasil
100%
91,1% Argentina
95%
90,4% Canadá
95%
92,3% Chile
95%
82,8% Colombia
95%
95,2% Portugal
95%
91,9% China
89%
86,5% Corea del Sur
89%
86,9% España
89%
86,2% Italia
89%
85% Australia
84%
84,5% Japón
84%
89,1% Perú
84%
85,2% Ecuador
79%
87,8% Uruguay
79%
83% Nueva Zelanda
74%
105,8% Catar
68%
105,8% Emiratos Árabes Unidos
68%
84,3% Baréin
63%
95,7% Cuba
58%
89,7% Nicaragua
58%
88,9% Costa Rica
53%
91,6% Singapur
53%
91,6% Taiwán
53%
92,2% Vietnam
47%
82,9% Malasia
37%
90,7% Nepal
37%
88,3% Bangladesh
21%
91,1% Camboya
21%
86,5% Mauricio
11%
No se encontraron pruebas coincidentes
Distribución de puntuación
Porcentaje de gente con cada puntuación
Porcentaje por número respondido
Historial de tus puntuaciones
No has intentado esta prueba.